活火山がある都道府県 -サドンデス- - Statistics

General Stats
  • This quiz has been taken 293 times
  • The average score is 14 of 26
Answers on the Grid
Answers color-coded by a green-red scale on the quiz's grid according to % correct below.
北海道
青森県
岩手県
宮城県
秋田県
山形県
福島県
茨城県
栃木県
群馬県
埼玉県
千葉県
東京都
神奈川県
新潟県
富山県
石川県
福井県
山梨県
長野県
岐阜県
静岡県
愛知県
三重県
滋賀県
京都府
大阪府
兵庫県
奈良県
和歌山県
鳥取県
島根県
岡山県
広島県
山口県
徳島県
香川県
愛媛県
高知県
福岡県
佐賀県
長崎県
熊本県
大分県
宮崎県
鹿児島県
沖縄県
 
Answer Stats
Answer % Correct
十勝岳、有珠山など 北海道
95%
富士山 山梨県
82%
富士山、伊豆東部火山群 静岡県
81%
桜島、口永良部島など 鹿児島県
77%
阿蘇山 熊本県
73%
御嶽山、浅間山 長野県
72%
赤城山、榛名山など 群馬県
65%
岩手山、八幡平など 岩手県
64%
恐山、八甲田山など 青森県
61%
秋田駒ヶ岳、秋田焼山など 秋田県
58%
吾妻山、磐梯山など 福島県
58%
蔵王山、肘折 山形県
55%
御嶽山、白山 岐阜県
55%
鶴見岳・伽藍岳、由布岳、九重山 大分県
55%
硫黄島、ベヨネース列岩など 東京都
52%
蔵王山、栗駒山、鳴子 宮城県
49%
雲仙岳、福江火山群 長崎県
46%
男体山、那須岳など 栃木県
42%
霧島山 宮崎県
41%
新潟焼山、妙高山 新潟県
40%
弥陀ヶ原 富山県
37%
硫黄鳥島、西表島北北東海底火山 沖縄県
30%
白山 石川県
26%
箱根山 神奈川県
25%
三瓶山 島根県
11%
阿武火山群 山口県
7%
No matching quizzes found
Score Distribution
Percent of People with Each Score
Percentile by Number Answered
Your Score History
You have not taken this quiz